Statistics for Top 10 Aircraft Exporting Countries

Click here to take the quiz!

General Stats

  • This quiz has been taken 170 times
  • The average score is 8 of 10

Answer Stats

ValueCountry% Correct
39,630United States
100%
35,717France
96%
1,147Russia
93%
32,267Germany
92%
7,322Canada
85%
1,916Italy
80%
1,420Spain
80%
5,126Brazil
72%
1,156Switzerland
32%
868Argentina
25%

Score Distribution

Percentile by Number Answered

Percent of People with Each Score

Your Score History

You have not taken this quiz